JERUSALEM'S HOLY PLACES AND THE PEACE PROCESS / (Record no. 7028)
[ view plain ]
| 000 -الفاتح | |
|---|---|
| حقل البيانات ثابتة الطول | 00762nam a2200241Ia 4500 |
| 008 - عناصر البيانات ثابتة الطول - معلومات عامة | |
| حقل البيانات ثابتة الطول | 140319s9999 xx 000 0 eng d |
| 020 ## - الرقم الدولى المعيارى للكتب | |
| الرقم الدولى المعيارى للكتاب | 0944029736 |
| 040 ## - مصدر الفهرسة | |
| وكالة الفهرسة الأصلية | GCL / |
| وكالة النسخ | GCL |
| 082 04 - رقم تصنيف ديوى العشرى | |
| رقم التصنيف | 956.9442 |
| رقم المادة | B J |
| 100 1# - المدخل الرئيسى - إسم شخصى | |
| الإسم الشخصى | BREGER, MARSHALL J. |
| 245 10 - بيان العنوان | |
| العنوان | JERUSALEM'S HOLY PLACES AND THE PEACE PROCESS / |
| بيان المسئوليه,etc | BREGER, MARSHALL J. |
| 700 1# - المدخل الاضافى - اسم شخصى | |
| الإسم الشخصى | IDINOPULOS, THOMAS A. |
| 260 ## - PUBLICATION, DISTRIBUTION, ETC. (IMPRINT) | |
| تاريخ النشر أو التوزيع | 1998 |
| 300 ## - الوصف المادى | |
| التعداد | 24 CM ؛ |
| أبعاد الوعاء | 76 P |
| 490 ## - بيان السلسلة | |
| عنوان السلسلة | POLICY PAPER |
| رقم المجلد/ التعيين التسلسلي | 46 |
| 650 04 - المدخل الاضافى بالموضوع-مصطلح موضوعى | |
| مصطلح موضوعي | JERUSALEM - CHRISTIANITY |
| 650 04 - المدخل الاضافى بالموضوع-مصطلح موضوعى | |
| مصطلح موضوعي | JERUSALEM - ISLAM |
| 650 04 - المدخل الاضافى بالموضوع-مصطلح موضوعى | |
| مصطلح موضوعي | JERUSALEM - RELIGION AND POLITICS |
| 650 04 - المدخل الاضافى بالموضوع-مصطلح موضوعى | |
| مصطلح موضوعي | JERUSALEM - INTERNATIONAL STATUS |
| 650 04 - المدخل الاضافى بالموضوع-مصطلح موضوعى | |
| مصطلح موضوعي | ARAB - ISRAIL CONFLICT, 1993 |
| 942 ## - عناصر المدخل الإضافي( كوها) | |
| مصدر التصنيف او مخطط الترفيف | Dewey Decimal Classification |
| Koha [default] item type | كتاب |
| 260 ## - PUBLICATION, DISTRIBUTION, ETC. (IMPRINT) | |
| -- | نيويورك : |
| -- | WASHINGTON INSTITUTE FOR NEAR EAST POLICY ، |
| حالة التراجع | حالة الفقد | حالة تلف | ليس للاعارة | المكان المؤقت | الموقع الحالى | تاريخ الاكتساب | اجمالي اﻻعارات | رقم الطلب | الباركود | تاريخ اخر مشاهدة | تاريخ تفعيل السعر | نوع وعاء كوها |
|---|---|---|---|---|---|---|---|---|---|---|---|---|
| مكتبة القاهرة الكبرى | مكتبة القاهرة الكبرى | 03/26/2014 | 956.9442\B J | 14656 | 03/26/2014 | 03/26/2014 | كتاب | |||||
| مكتبة القاهرة الكبرى | مكتبة القاهرة الكبرى | 03/26/2014 | 956.9442\B J | 14657 | 03/26/2014 | 03/26/2014 | كتاب |

